<Der> Kettesatz <Ein> Beitrag zur Geschichte und Theorie des kaufmännischen Rechnens
Gespeichert in:
| Format: | Buch |
|---|---|
| Sprache: | Deutsch |
| Veröffentlicht: |
Zürich
Verlag von Schulthess
1941
|
| Tags: |
Keine Tags, Fügen Sie das erste Tag hinzu!
|
MARC
| LEADER | 00000nam a2200000 4500 | ||
|---|---|---|---|
| 001 | 0267906 | ||
| 005 | 20240822101711.0 | ||
| 041 | 0 | |a ger | |
| 044 | |a CH | ||
| 245 | 1 | 0 | |a <Der> Kettesatz |b <Ein> Beitrag zur Geschichte und Theorie des kaufmännischen Rechnens |c Karl Kaefer |
| 264 | 1 | |a Zürich |b Verlag von Schulthess |c 1941 | |